Robust aeroservoelastic stability analysis : (Record no. 594085)

000 -LEADER
fixed length control field 01064cam a22002894a 4500
001 - CONTROL NUMBER
control field 3563340
005 - DATE AND TIME OF LATEST TRANSACTION
control field 20230322140814.0
008 - FIXED-LENGTH DATA ELEMENTS--GENERAL INFORMATION
fixed length control field 981218s1999 nyua 001 0 eng
010 ## - LIBRARY OF CONGRESS CONTROL NUMBER
LC control number 98052346
020 ## - INTERNATIONAL STANDARD BOOK NUMBER
International Standard Book Number 1852330961 (alk. paper)
040 ## - CATALOGING SOURCE
Original cataloging agency DLC
Transcribing agency DLC
Modifying agency DLC
042 ## - AUTHENTICATION CODE
Authentication code pcc
050 00 - LIBRARY OF CONGRESS CALL NUMBER
Classification number TL574.S7
Item number L47 1999
082 00 - DEWEY DECIMAL CLASSIFICATION NUMBER
Classification number 629.132
Edition number 21
Author Mark LIN
100 1# - MAIN ENTRY--PERSONAL NAME
Personal name Lind, Rick,
Dates associated with a name 1968-
9 (RLIN) 111101
245 10 - TITLE STATEMENT
Title Robust aeroservoelastic stability analysis :
Remainder of title flight test applications /
Statement of responsibility, etc. Rick Lind and Marty Brenner.
260 ## - PUBLICATION, DISTRIBUTION, ETC.
Place of publication, distribution, etc. New York :
Name of publisher, distributor, etc. Springer,
Date of publication, distribution, etc. c1999.
300 ## - PHYSICAL DESCRIPTION
Extent xv, 204 p. :
Other physical details ill. ;
Dimensions 24 cm.
440 #0 - SERIES STATEMENT/ADDED ENTRY--TITLE
Title Advances in industrial control
504 ## - BIBLIOGRAPHY, ETC. NOTE
Bibliography, etc. note Includes bibliographical references (p. [197]-204) and index.
650 #0 - SUBJECT ADDED ENTRY--TOPICAL TERM
Topical term or geographic name entry element Stability of airplanes
General subdivision Mathematical models.
9 (RLIN) 111102
650 #0 - SUBJECT ADDED ENTRY--TOPICAL TERM
Topical term or geographic name entry element Aeroelasticity.
9 (RLIN) 2486
700 1# - ADDED ENTRY--PERSONAL NAME
Personal name Brenner, Marty,
Dates associated with a name 1955-
9 (RLIN) 111103
906 ## - LOCAL DATA ELEMENT F, LDF (RLIN)
a 7
b cbc
c orignew
d 1
e ocip
f 19
g y-gencatlg
942 ## - ADDED ENTRY ELEMENTS (KOHA)
Source of classification or shelving scheme
Koha item type Book
Holdings
Withdrawn status Lost status Source of classification or shelving scheme Damaged status Not for loan Permanent Location Current Location Shelving location Date acquired Full call number Barcode Date last seen Price effective from Koha item type
          School of Mechanical & Manufacturing Engineering (SMME) School of Mechanical & Manufacturing Engineering (SMME) Aerospace Engineering 03/22/2023 629.132 LIN SMME-4094 03/22/2023 03/22/2023 Book
© 2023 Central Library, National University of Sciences and Technology. All Rights Reserved.